10 Najwartościowszych Senegalczyków - Statystyki

Ogólne statystyki
  • Ten quiz został rozwiązany 56 razy
  • Średni wynik to 4 z 10
Statystyki odpowiedzi
Wartość Piłkarz % Poprawnych
120 mln Mane
100%
56 mln Koulibaly
82%
24 mln Gueye
47%
9,5 mln Sane
35%
12 mln Niang
33%
24,5 mln Sarr
29%
16 mln Balde
18%
8 mln Kouyate
12%
19 mln Diatta
4%
12 mln Diallo
2%
Nie znaleziono quizów pasujących do podanych kryteriów
Rozkład punktacji
Procent ludzi z każdym wynikiem
Percentyl według liczby udzielonych odpowiedzi
Twoja historia wyników
Nie rozwiązałeś tego quizu